Fundamentals of financial management / (Record no. 4189)

MARC details
000 -LEADER
fixed length control field 00758cam a22002655i 4500
001 - CONTROL NUMBER
control field BD-DhSAU 4189
003 - CONTROL NUMBER IDENTIFIER
control field BD-DhSAU
005 - DATE AND TIME OF LATEST TRANSACTION
control field 20150301101302.0
008 - FIXED-LENGTH DATA ELEMENTS--GENERAL INFORMATION
fixed length control field 141016s2012 ohua 001 0 eng
020 ## - INTERNATIONAL STANDARD BOOK NUMBER
International Standard Book Number 9788131518571
020 ## - INTERNATIONAL STANDARD BOOK NUMBER
International Standard Book Number 8131518574
040 ## - CATALOGING SOURCE
Original cataloging agency BD-DhSAU
082 ## - DEWEY DECIMAL CLASSIFICATION NUMBER
Edition number 22
Classification number 658.15
Item number B7685
100 1# - MAIN ENTRY--PERSONAL NAME
Personal name Brigham, Eugene F.
245 10 - TITLE STATEMENT
Title Fundamentals of financial management /
Statement of responsibility, etc. Eugene F. Brigham and Joel F. Houston.
250 ## - EDITION STATEMENT
Edition statement 12th ed.
260 ## - PUBLICATION, DISTRIBUTION, ETC. (IMPRINT)
Place of publication, distribution, etc. India :
Name of publisher, distributor, etc. Cengage Learning India Pvt. Ltd. ,
Date of publication, distribution, etc. c2012.
300 ## - PHYSICAL DESCRIPTION
Extent xxiii, 674 p. :
Other physical details ill. ;
Dimensions 28 cm.
500 ## - GENERAL NOTE
General note New arrival 2014
504 ## - BIBLIOGRAPHY, ETC. NOTE
Bibliography, etc include index
590 ## - Name of Cataloguer
Name of Cataloger tamanna
650 ## - SUBJECT ADDED ENTRY--TOPICAL TERM
Topical term or geographic name as entry element management
650 ## - SUBJECT ADDED ENTRY--TOPICAL TERM
Topical term or geographic name as entry element financial management
700 ## - ADDED ENTRY--PERSONAL NAME
Personal name Houston, Joel F.
942 ## - ADDED ENTRY ELEMENTS (KOHA)
Source of classification or shelving scheme Dewey Decimal Classification
Koha item type Book
Holdings
Withdrawn status Lost status Source of classification or shelving scheme Damaged status Not for loan Home library Branch Name Shelving location Date acquired Total Checkouts Full call number Barcode Date last seen Price effective from Koha item type
    Dewey Decimal Classification     SAU Library SAU Library General Stacks 25/06/2014   658.15 B7685 38184 15/02/2015 15/02/2015 Book
    Dewey Decimal Classification     SAU Library SAU Library General Stacks 25/06/2014   658.15 B7685 38185 15/02/2015 15/02/2015 Book
    Dewey Decimal Classification     SAU Library SAU Library General Stacks 25/06/2014   658.15 B7685 38187 15/02/2015 15/02/2015 Book
    Dewey Decimal Classification     SAU Library SAU Library General Stacks 25/06/2014   658.15 B7685 38186 15/02/2015 15/02/2015 Book